| 000 | 00722cam a2200229 a 4500 | ||
|---|---|---|---|
| 999 |
_c14071 _d14071 |
||
| 003 | OSt | ||
| 005 | 20260224163249.0 | ||
| 008 | 260224b ||||| |||| 00| 0 eng d | ||
| 020 |
_a9780205748341 _qpbk. |
||
| 082 | 0 | 0 |
_a701 _222 |
| 100 | 1 | _aZelanski, Paul. | |
| 245 | 1 | 4 |
_aThe art of seeing / _cPaul Zelanski, Mary Pat Fisher. |
| 250 | _a8th ed. | ||
| 260 |
_aUpper Saddle River, NJ : _bPrentice Hall, _cc2011. |
||
| 300 |
_a560 p. : _bill. (chiefly col.) ; _c28 cm. |
||
| 504 | _aIncludes bibliographical references (p. 532-534) and index. | ||
| 650 | 0 | _aVisual perception. | |
| 650 | 0 | _aArt appreciation. | |
| 700 | 1 |
_aFisher, Mary Pat, _d1943- |
|
| 906 |
_a7 _bcbc _corignew _d1 _eecip _f20 _gy-gencatlg |
||
| 942 | _2ddc | ||